| 000 | 00622na a2200229 4500 | ||
|---|---|---|---|
| 001 | 14217 | ||
| 003 | MIRAKIL | ||
| 005 | 20181213154731.0 | ||
| 008 | 161031b tu 000 0 | ||
| 035 | _a14217 | ||
| 040 |
_aMilas _btur _cTR-AnCHP |
||
| 041 | _atur | ||
| 082 |
_a814.42 _bY91y 1976 |
||
| 090 | _a814.42 Y91y 1976 | ||
| 100 |
_aYücel, Tahsin _d1933-2016 |
||
| 245 |
_aYazın ve yaşam _b(Denemeler, eleştiriler) _cTahsin Yücel |
||
| 260 |
_aİstanbul _bÇağdaş Yayınları _c1976 |
||
| 300 |
_a189 s. _c20 sm. |
||
| 650 | _aTürkçe denemeler | ||
| 650 |
_aTürk edebiyatı _xDenemeler |
||
| 942 |
_2ddc _cBKS |
||
| 999 |
_c50 _d50 |
||